|
|
|
|
| LEADER |
00000nam a2200000 a 4500 |
| 005 |
20111222142022.0 |
| 007 |
cr|||| |||| |
| 008 |
081202s2007 sp |||||| 000|0|spa|c |
| 020 |
|
|
|a 9788498491371
|
| 035 |
|
|
|a 2318
|
| 040 |
|
|
|d vLex
|
| 090 |
|
|
|c 2858
|d 2858
|
| 100 |
1 |
|
|a Bravo Bosch, Mara̕ Još
|
| 245 |
1 |
3 |
|a La Injuria verbal colectiva
|h [Recurso electrn̤ico] /
|c Mara̕ Jos ̌Bravo Bosch
|
| 256 |
|
|
|a Servicio en ln̕ea
|
| 260 |
|
|
|a Madrid :
|b Dykinson,
|c 2007
|
| 300 |
|
|
|a 1 recurso electrn̤ico
|
| 500 |
|
|
|a Bibliografa̕. Índice
|
| 506 |
1 |
|
|a Contenido solo disponible en los productos indicados
|d vLex Global
|d vLex Global (Academic Edition, excluding Law Schools)
|d vLex Global (U.S. Academic Edition, Law Schools)
|d vLex Global (U.S. Academic Edition, excluding Law Schools)
|d vLex Global (Academic Edition, Law Schools)
|
| 530 |
|
|
|a Tamb ̌disponible en versi ̤electrṇica
|
| 650 |
0 |
7 |
|a Legislacin̤
|z Roma
|x Historia
|
| 650 |
0 |
7 |
|a Derecho romano
|
| 650 |
0 |
7 |
|2 Tesauro vLex
|a Penal
|
| 650 |
0 |
7 |
|2 Tesauro vLex
|a Delito
|
| 650 |
0 |
7 |
|2 Tesauro vLex
|a Delitos colectivos
|
| 740 |
0 |
|
|a vLex Libros (Servicio en ln̕ea)
|
| 830 |
|
0 |
|a Monografa̕s de derecho romano.
|p Derecho pb︢lico y privado romano ;
|v 36
|
| 856 |
4 |
0 |
|z Acceso restringido
|u http://vlex.com/source/injuria-verbal-colectiva-2318
|
| 942 |
|
|
|c BOOK
|
| 999 |
0 |
|
|a Roman law
|
| 999 |
0 |
|
|a Libel and slander
|